Permanencia, cambio y extincion de la artesania en Mexico / (Record no. 21865)

MARC details
000 -CABECERA
campo de control de longitud fija 00908nam a2200265 4500
003 - IDENTIFICADOR DEL NÚMERO DE CONTROL
campo de control OSt
005 - FECHA Y HORA DE LA ÚLTIMA TRANSACCIÓN
campo de control 20260601193851.0
008 - DATOS DE LONGITUD FIJA--INFORMACIÓN GENERAL
campo de control de longitud fija 260421b1982 mx a|||| |||| 00| 0 spa d
020 ## - NÚMERO INTERNACIONAL ESTÁNDAR DEL LIBRO
Número Internacional Estándar del Libro 9686661263
040 ## - FUENTE DE LA CATALOGACIÓN
Centro catalogador/agencia de origen ICI
Lengua de catalogación spa
Centro/agencia transcriptor ICI
050 ## - SIGNATURA TOPOGRÁFICA DE LA BIBLIOTECA DEL CONGRESO
Número de clasificación TT28
Número de documento/Ítem M37 1982
100 #1 - ENTRADA PRINCIPAL--NOMBRE DE PERSONA
Nombre de persona Martínez Peñaloza, Porfirio,
9 (RLIN) 1788
245 #1 - MENCIÓN DE TÍTULO
Título Permanencia, cambio y extincion de la artesania en Mexico /
Mención de responsabilidad, etc. Porfirio Martinez Peñaloza. Los instrumentos musicales en Mexico / Jas Reuter
246 #3 - FORMA VARIANTE DE TÍTULO
Título propio/Titulo breve Los instrumentos musicales en Mexic
250 ## - MENCIÓN DE EDICIÓN
Mención de edición 2
264 ## - PRODUCCIÓN, PUBLICACIÓN, DISTRIBUCIÓN, FABRICACIÓN Y COPYRIGHT
Nombre del de productor, editor, distribuidor, fabricante Fondo Nacional para el Fomento de las Artesanias :
-- SEP,
Fecha de producción, publicación, distribución, fabricación o copyright 1982
Producción, publicación, distribución, fabricación y copyright México :
300 ## - DESCRIPCIÓN FÍSICA
Extensión 99 páginas
336 ## - TIPO DE CONTENIDO
Término de tipo de contenido texto
Fuente rdacontent
337 ## - TIPO DE MEDIO
Nombre/término del tipo de medio sin medio
Fuente rdamedia
338 ## - TIPO DE SOPORTE
Nombre/término del tipo de soporte volumen
Fuente rdacarrier
650 ## - PUNTO DE ACCESO ADICIONAL DE MATERIA--TÉRMINO DE MATERIA
Término de materia o nombre geográfico como elemento de entrada Artesanías
Subdivisión geográfica México
9 (RLIN) 3976
700 #1 - PUNTO DE ACCESO ADICIONAL--NOMBRE DE PERSONA
Nombre de persona Reuter, Jas
710 #1 - PUNTO DE ACCESO ADICIONAL--NOMBRE DE ENTIDAD CORPORATIVA
Nombre de entidad corporativa o nombre de jurisdicción como elemento de entrada México.
Unidad subordinada Secretaría de Educación Pública
9 (RLIN) 17275
942 ## - ELEMENTOS DE PUNTO DE ACCESO ADICIONAL (KOHA)
Fuente del sistema de clasificación o colocación Library of Congress Classification
Tipo de ítem Koha Libros
Holdings
Estado de retiro Estado de pérdida Fuente del sistema de clasificación o colocación Estado dañado No para préstamo Localización permanente Ubicación/localización actual Fecha de adquisición Total de préstamos Signatura topográfica completa Código de barras Fecha visto por última vez Número de copia Precio válido a partir de Tipo de ítem Koha
El ejemplar forma parte de la colección y puede ser consultado según las políticas vigentes.   Library of Congress Classification     Biblioteca de Diseño Museo Franz Mayer Biblioteca de Diseño Museo Franz Mayer 21/04/2026   TT28 M37 1982 BDIMFM000623 21/04/2026 Ej.1 21/04/2026 Libros